El primer gato sin colores / (Registro nro. 7616)
[ vista simple ]
| 000 -LIDER | |
|---|---|
| fixed length control field | 00793nam a2200241 a 4500 |
| 003 - IDENTIFICACDOR DE NÚMERO DE CONTROL | |
| control field | DO-SdBPMSU |
| 005 - DATE AND TIME OF LATEST TRANSACTION | |
| control field | 20250204124750.0 |
| 008 - ELEMENTOS DE LONGITUD FIJA | |
| fixed length control field | 150406s2008 dr 000 spa d |
| 020 ## - ISBN | |
| International Standard Book Number | 97899945130638 |
| 040 ## - FUENTE DE CATALOGACIÓN | |
| Agencia que crea de manera original el registro | DO-SdBPM |
| Idioma de catalogación | spa |
| Agencia que realiza la transcripción | BPMSU |
| 082 #4 - NÚMERO DE CLASIFICACIÓN DECIMAL DE DEWEY | |
| Classification number | RD863.5 |
| Item number | C355p 2008 |
| Edition number | 22 |
| 100 1# - ASIENTO PRINCIPAL -- NOMBRE PERSONAL | |
| Nombre personal | Castro Ortíz, Noé Leonardo |
| Fechas asociadas con el nombre | 2004- |
| 245 13 - MENCIÓN DE TITULO | |
| Título | El primer gato sin colores / |
| Mención de responsabilidad | Noé Leonardo Castro Ortíz ; ilustraciones José Sánchez Green |
| 260 ## - PUBLICACIÓN, DISTRIBUCIÓN, ETC. (PIE DE IMPRENTA) | |
| Lugar de publicación, distribución, etc | Santo Domingo : Mediabyte, |
| Fecha de publicación, distribución, etc | 2008. |
| 300 ## - DESCRIPCIÓN FÍSICA | |
| Extensión | 40 p. ; |
| Otros detalles físicos | il., ; |
| Dimensiones | 30 cm. |
| 590 ## - NOTA LOCAL | |
| Texto de la nota local | Inventariado, 2025/VM |
| 650 #4 - ENCABEZAMIENTO DE MATERIA--TEMÁTICO | |
| Término temático o nombre geográfico como elemento de entrada | Cuentos infantiles dominicanos |
| 650 #4 - ENCABEZAMIENTO DE MATERIA--TEMÁTICO | |
| Término temático o nombre geográfico como elemento de entrada | Libros para colorear |
| 700 1# - ASIENTO SECUNDARIO -- NOMBRE PERSONAL | |
| Nombre personal | Sánchez Green, José |
| Mención de responsabilidad | ilustraciones |
| 910 ## - VALIDACIÓN | |
| Validación | VMateo V. Control de calidad. BPMSU |
| 942 ## - ADDED ENTRY ELEMENTS (KOHA) | |
| Source of classification or shelving scheme | Dewey Decimal Classification |
| Koha item type | Libros |
| 956 ## - LOCAL ELECTRONIC LOCATION AND ACCESS (OCLC) | |
| Nombre de host | |
| Número de acceso | |
| Información de compresión | |
| Inicio de sesión | |
| Procesador de solicitud | |
| Withdrawn status | Lost status | Source of classification or shelving scheme | Damaged status | Not for loan | Collection code | Home library | Current library | Date acquired | Total Checkouts | Full call number | Barcode | Date last seen | Price effective from | Koha item type | Copy number |
|---|---|---|---|---|---|---|---|---|---|---|---|---|---|---|---|
| Dewey Decimal Classification | Colección Infantil Dominicana | Biblioteca Pública Metropolitana Salomé Ureña | Biblioteca Pública Metropolitana Salomé Ureña | 04/13/2015 | BPMSU CDI RD863.5 C355p 2008 | BPMSU15041267 | 04/13/2015 | 04/13/2015 | Libros | ||||||
| Dewey Decimal Classification | Colección Infantil Dominicana | Biblioteca Pública Metropolitana Salomé Ureña | Biblioteca Pública Metropolitana Salomé Ureña | 04/15/2015 | BPMSU CDI RD863.5 C355p 2008 | BPMSU15041268 | 04/15/2015 | 04/15/2015 | Libros | e.2 |